| 000 | 00993nam a22002657a 4500 | ||
|---|---|---|---|
| 001 | 2429 | ||
| 003 | FISKH | ||
| 005 | 20240116105425.0 | ||
| 008 | 231206b cb ||||| |||| 00| 0 eng d | ||
| 020 | _a9780439165853 | ||
| 040 |
_aFISKH _beng _cFISKH _dFISKH |
||
| 050 | _aE99.P85 | ||
| 082 | _a975.501092 | ||
| 100 |
_aSullivan, George _d1927- |
||
| 245 |
_aIn their own words : _bPocahontas / _cGeorge Sullivan |
||
| 260 |
_aNew York : _bScholastic, _c2001. |
||
| 300 |
_a128 pages : _billustrations ; _c20 cm |
||
| 520 | _aJournal entries and writings from English colonists help chronicle the life of Pocahontas, discussing how she saved the life of Captain John Smith in 160 | ||
| 521 | 8 |
_a930
_bLexile estimate |
|
| 650 |
_aPocahontas _vJuvenile literature |
||
| 650 |
_aPocahontas indians _vjuvenile literature _xBiography |
||
| 650 |
_aJamestown _vHistory _xJuvenile literature |
||
| 650 |
_aPocahontas indians _vHistory _xjuvenile literature |
||
| 942 |
_2ddc _cBK _n0 |
||
| 999 |
_c2429 _d2429 |
||